MDQL
is popping MORE tags! Check the
thread
!
Quizzes
Events
Quiz Creation
Community
Videos
Private Events
Remove Ads
Sign In
Join for FREE
Feedback
Dark Mode
Quiz Categories
Sports
Geography
Music
Movies
Television
Just For Fun
Miscellaneous
History
Literature
Language
Science
Gaming
Entertainment
Religion
Holiday
For Kids
Quiz Lab
Recent
Popular Today
Quiz Kudos Today
Editor Picks
Curator Picks
Quizzes by...
Day
Popularity
Type
Ratings
Length
Year
Community
Subscriptions
Recent Discussions
Orange Saloon
Badges
Playlists
Quests
Create
Leaderboards
Showdown
Live 5
Trivia Bingo
Activity
Puzzle Library
Sporcle Events
Private Events
Virtual Trivia
Globe League
Become a Host
Pub Owners
SporcleCon
Opinionation
Our Games
Videos
Blog
Mobile Apps
Partnerships
Remove Ads and Go Orange
Feedback
Gaming
Video Games
Board Games
Card Games
Pokémon
Mario
Nintendo
Minecraft
Console
Toys
Legend of Zelda
Gaming
Video Games
Board Games
Card Games
Pokémon
Mario
Nintendo
Minecraft
Console
Toys
Legend of Zelda
Random Quiz
Search Sporcle
×
Quiz Lab
Quiz Lab
Gaming
Pokémon
Type in answers that appear in a list
Type in answers that appear in a list
Classic
Best Score? Go Orange.
A Pokemon Name Game Stats
Can you name the Pokemon by taking the two given Pokemon's names and fitting them together?
By
enation24
5m
20 Questions
113 Plays
113 Plays
113 Plays
Comments
Comments
Give Quiz Kudos
Give Quiz Kudos
-
- Ratings
hide this ad
More Info
Replay
Link that replays current quiz
Next Quiz
Link to next quiz in quiz playlist
You Got
0%
They Got
Avg Score
49%
Avg Friend Score
Upgrade to see
Score Distribution
Jump to the score distribution portion of the page
Score
0/20
Timer
05:00
0
Plays Today
Hint #1
Pokemon
% Correct
Tyrantrum
Tyranitar
90.3%
Darkrai
Raichu
77%
Noibat
Golbat
69%
Klink
Klang
67.3%
Combee
Beedrill
64.6%
Quilladin
Quilava
61.1%
Crobat
Woobat
61.1%
Slaking
Kingler
60.2%
Phanpy
Donphan
58.4%
Pupitar
Lillipup
50.4%
Hint #1
Pokemon
% Correct
Porygon
Flygon
49.6%
Samurott
Dewott
42.5%
Chimecho
Chimchar
40.7%
Ninjask
Greninja
37.2%
Staraptor
Starmie
32.7%
Exeggutor
Torterra
31.9%
Dwebble
Clefable
31.9%
Ivysaur
Snivy
28.3%
Cobalion
Onix
18.6%
Skiploom
Gloom
16.8%
Quiz Playlist
Details
Report
Send in Message
Add To Playlist
More Info:
The names don't have to be split exactly down the middle.
Classic:
Type in answers that appear in a list
Last Updated: Feb 16, 2017
Quiz Scoreboard
CHALLENGE
Sign Up to Join the Scoreboard
Show All
Scores
Hide
Comments
May contain spoilers
Recently Published
Find the 'City' Movie
by crazypaving
Movies
60s
5x2 Blitz: Bands
by SL_Kpop136
Music
30s
Colored Red Africa Blitz
by spor1
Geography
30s
More to Explore
Quiz From the Vault
Featured Blog Post
14 Easter Pick-up Lines to Find Eggs With
hide this ad
You Might Also Like...
Tags
Pokémon Quiz
half
Together
Today's Top Quizzes in Gaming
Browse Gaming
hide this ad
Today's Top Quizzes in Pokémon
Browse Pokémon
Top Contributed Quizzes in Gaming
1
League of Legends Pro Players by Career/Team History
2
Genshin murder mystery
3
Destiny 2 exotic weapons by perk icons
4
Dead By Daylight Logic Puzzle
5
Genshin Impact Logic Puzzle
6
Valorant Agent Developer Names (Up to Clove)
7
Overwatch 2: Ultimate Ability Icons
8
Who's on the WWE 2K24 Cover?
9
Genshin Impact Logic Puzzle Quiz II
10
4x4 Decades: Video Games
Explore More
Trending Topics
Crossword
Marvel
Harry Potter
NBA
Disney
Anime
Kpop
Song
The Office
NFL
Country
Puzzle
Pokémon
Soccer
WWE
hide this ad
More By:
enation24
Quiz
Plays
Rating
Category
Featured
Created
Black Ops 2 Zombies Weapons
3,143
3.60
Gaming
Feb 4, 2013
Minecraft Grab Bag
2,150
3.59
Gaming
Sep 12, 2013
Minecraft Crafting
2,071
3.89
Gaming
Feb 12, 2013
Black Ops 2 Zombies Pack a Punched Weapons
1,499
4.20
Gaming
Feb 10, 2013
Call of Duty Ghosts Multiplayer Weapons
1,438
5.00
Gaming
Nov 7, 2013
Go to Creator's Profile
Score Distribution
Quiz Creator Spotlight
enation24
Follow
Send a Message
Quizzes Created
-
Created Quiz Play Count
-
More By This Creator
Popular Quizzes Today
1
Colored Red Africa Blitz
2
Find the 'City' Movie
3
Find the US States - No Outlines Minefield
4
5x2 Blitz: Bands
5
The Countries of the World
6
Find the US States
7
Find the Countries of Europe - No Outlines Minefield
8
US States
More Gaming Quizzes
Mario Kart: Double Dash!! Tracks by Image
Editor's Pick
Trending Quizzes
Colored Red Europe Blitz I
Colored Red Africa Blitz II
Colored Red Europe Blitz II
Colored Red Europe Blitz III
Colored Red Africa Blitz III
Recently Updated
How Do You Spell That?
pecheneg
Godzilla Movies
pecheneg
Grab Bag: 4-10 Letters
pecheneg
2024 March Madness Bracket
pecheneg
Famous TV Couples
Peacemaker
Champions League XIs: Real Madrid
pecheneg
Largest US Cities 1790-2010
pecheneg
Rides in Walt Disney World
pecheneg
Most Oscar Losses (Acting)
pecheneg
Beyoncé Albums
pecheneg
Trending Topics
NBA
Marvel
Anime
Kpop
Crossword
Harry Potter
Disney
Song
The Office
Country
WWE
Pokémon
NFL
Puzzle
Soccer
Your Account Isn't Verified!
In order to create a playlist on Sporcle, you need to verify the email address you used during registration. Go to your
Sporcle Settings
to finish the process.
Report this User
Report this user for behavior that violates our
Community Guidelines
.
Details:
Send Report
Go to the Sporcle.com Mobile Site →
Comments